000 00302nam a22001337a 4500
008 170926b xxu||||| |||| 00| 0 eng d
020 _a2900807744481
041 _aeng
080 _24 ED
_a37
100 _a46
101 _aEDU
245 _aAPPROACHES TO TEACHING
_cSOLTIS.J.F
942 _2udc
_cBK
999 _c29846
_d29846